Со строкой наперевес: афоризмы, шутки, каламбуры

Dades bibliogràfiques
Autor principal: Антон Лигов (Леонид Исаакович Генцлер)
Altres autors: Гороховский Э. (иллюстратор), Зайцев Е.
Sumari:Нумерация страниц отсутствует.
Idioma:rus
Publicat: Новосибирск, Западно-Сибирское книжное издательство, 1985
Matèries:
Format: MixedMaterials Llibre
KOHA link:https://koha.lib.tpu.ru/cgi-bin/koha/opac-detail.pl?biblionumber=233805

MARC

LEADER 00000nam0a2200000 4500
001 233805
005 20231031203635.0
010 |b 5000 экз. 
035 |a (RuTPU)RU\TPU\book\254886 
090 |a 233805 
100 |a 20130312d1985 m y0rusy50 ca 
101 0 |a rus 
102 |a RU 
105 |a a z 000zy 
200 1 |a Со строкой наперевес: афоризмы, шутки, каламбуры  |f Антон Лигов (Леонид Исаакович Генцлер)  |g худож. Э. Гороховский, Е. Зайцев 
210 |a Новосибирск  |c Западно-Сибирское книжное издательство  |d 1985 
215 |a [157] с.  |c ил.  |d 8 см. 
300 |a Нумерация страниц отсутствует. 
610 1 |a афоризмы 
610 1 |a шутки 
610 1 |a каламбуры 
610 1 |a миниатюрные издания 
686 |a Ч611.68  |v LBC/SL-A  |2 rubbk 
700 1 |a Антон Лигов (Леонид Исаакович Генцлер) 
702 1 |a Гороховский  |b Э.  |4 440 
702 1 |a Зайцев  |b Е.  |4 440 
801 1 |a RU  |b 63413507  |c 20130312 
801 2 |a RU  |b 63413507  |c 20180709  |g RCR 
942 |c BK